000 01488nam a2200385 i 4500
003 EG-ScBUE
005 20241128154607.0
008 181014t2005 nyua f b 001 0 eng d
020 _a9780071113151
020 _a0071113150
040 _aEG-ScBUE
_beng
_erda
_dEG-ScBUE
_cEG-ScBUE
082 0 4 _a519.5
_bLIN
_222
100 1 _aLind, Douglas A.,
_eauthor.
245 1 0 _aStatistical techniques in business & economics /
_cDouglas A. Lind, Coastal Carolina University and the University of Toledo, William G. Marchal, the University of Toledo, Samuel A. Wathen, Coastal Carolina University.
246 3 _aStatistical techniques in business and economics.
250 _aTwelfth edition.
250 _aInternational edition.
264 1 _aNew York :
_bMcGraw-Hill,
_c[2005]
264 4 _cc2005
300 _axv, 800 pages :
_bcolor illustrations ;
_c26 cm.
336 _2rdacontent
_atext
_btxt
337 _aunmediated
_2rdamedia
_bn
338 _avolume
_bnc
_2rdacarrier
490 0 _aIrwin / McGraw-Hill series in operations and decision sciences
504 _aIncludes bibliographical references and index.
650 7 _aSocial sciences
_xStatistical methods.
_2BUEsh
_93257
650 7 _aEconomics
_xStatistical methods.
_2BUEsh
_93258
650 7 _aCommercial statistics.
_2BUEsh
_9802
651 _2BUEsh
653 _bBUSADM
_cOctober2018
655 _vReading book
700 1 _aMarchal, William G.,
_eauthor.
700 1 _a Wathen, Samuel A.,
_eauthor.
942 _2ddc
_cBB
999 _c1313
_d1313